000 01405nam a2200385 i 4500
001 17123
003 KOSZ 005
005 20200630132829.0
008 040621s1975 pl a f f |000 0 pol
015 _aPB 1975/9371
035 _a(OCoLC)749228289
040 _aWA N
_cWA N
_dKOSZ 005/EG
041 1 _apol
_heng
046 _k1975
080 _a534
080 _a535
080 _a537.86
080 _a(075.8)
100 1 _aCrawford, Frank Stevens
_d(1923- )
_eAutor
245 1 0 _aFale /
_cFrank S. Crawford.
246 1 _iTyt. oryg.:
_aWaves.
250 _aWyd. 3 popr. /
_b[z ang. tł. Stanisław Dymus, Wiesława Rączkowska].
260 _aWarszawa :
_bPańst. Wydaw. Naukowe,
_c1975.
300 _a570, [1] s., 2 s. tabl. :
_bil., tab., wykr. ;
_c24 cm.
380 _aKsiążki.
500 _aStanowi t. 3 cyklu ang. Berkeley Physic Course. T. 1 pod hasłem i tyt.: Kittel C., Knight W. D., Ruderman M. A.: Mechanika. Na okł. i obwol. mylnie inicjał imienia aut.: C.
658 _aFizyka i astronomia
655 4 _aPodręczniki akademickie
650 4 _aFale
700 1 _aDymus, Stanisław
_eTłumaczenie
700 1 _aRączkowska, Wiesława
_eTłumaczenie
710 2 _aPaństwowe Wydawnictwo Naukowe
_4pbl.
856 _uhttp://koha.tu.koszalin.pl/cgi-bin/koha/opac-detail.pl?biblionumber=17123
_yKatalog online BPK
942 _2UKD
_cKS
999 _c17123
_d17123